| 000 | 00839cab a2200289 4500 | ||
|---|---|---|---|
| 001 | ABS55069 | ||
| 008 | 090401t1996 xxu||||| |||| 00| 0 eng d | ||
| 035 | _a(Sirsi) u13952 | ||
| 041 | _aeng | ||
| 100 | _aCampbell, K. | ||
| 245 | _aWhen a subtenant may suffer | ||
| 260 | _c1996 | ||
| 350 | _a0 | ||
| 490 |
_aProperty Week _v55(2) 11 April 1996, 26-28(2) |
||
| 520 | _aLooks at the position of subtenant as third party where main tenant has rent arrears and the implementation of distress leading to the seizure of goods. | ||
| 650 | _aBAILIFFS | ||
| 650 |
_aInsolvency _96247 |
||
| 650 | _aLAW OF DISTRESS | ||
| 650 | _aLEASES | ||
| 650 | _aRENT ARREARS | ||
| 650 | _aSEIZURE OF GOODS | ||
| 650 | _aSUBTENANTS | ||
| 650 | _aTHIRD PARTIES | ||
| 690 | _aPROPERTY LAW AND PRACTICE | ||
| 942 | _n0 | ||
| 948 | _c04/03/1997 | ||
| 999 |
_c9021 _d9021 |
||